Find the 5-Letter Countries Quiz Stats

 Plays Quiz Updated Jul 2, 2018

Challenge
Share
Tweet
Score 0/24 Timer 08:00
0 Plays Today
% Correct
China
84.2%
Italy
82.9%
Spain
82.8%
India
82.5%
Chile
78.6%
Egypt
77%
Japan
76.6%
Yemen
69.5%
Libya
69.4%
Sudan
65.8%
Niger
64.7%
Nepal
63.3%
% Correct
Haiti
59%
Kenya
58.8%
Ghana
58.5%
Benin
55.3%
Syria
52.6%
Samoa
52.2%
Tonga
49%
Gabon
48.8%
Nauru
48.2%
Malta
45.5%
Qatar
41.2%
Palau
39.4%

You're not logged in!

Compare scores with friends on all Sporcle quizzes.
Join for Free
OR
Log In

You Might Also Like...

Show Comments

Extras

Top Quizzes Today


Score Distribution

Your Account Isn't Verified!

In order to create a playlist on Sporcle, you need to verify the email address you used during registration. Go to your Sporcle Settings to finish the process.

Report this User

Report this user for behavior that violates our Community Guidelines.

Details: